[Event "Titled Tuesday intern op 16th Apr Early"]
[Site "Chess.com INT"]
[Date "2024.04.16"]
[Round "9"]
[White "Smieszek, Wojciech"]
[Black "Manukian, Artak"]
[Result "1-0"]
[WhiteElo "2127"]
[BlackElo "2196"]
[PlyCount "95"]
[EventDate "2024.04.16"]
[EventType "swiss (blitz)"]
[EventRounds "11"]
[EventCountry "USA"]
[SourceTitle "CB17_2024"]
[SourceDate "2024.04.24"]
[SourceVersion "1"]
[SourceVersionDate "2024.04.24"]
[SourceQuality "1"]

1. e4 c6 2. d4 d5 3. f3 e6 4. Nc3 b5 5. exd5 exd5 6. Bd3 Bd6 7. Nge2 Qh4+ 8. g3 Qh5 9. Nf4 Bxf4 10. Bxf4 Nf6 11. Qe2+ Be6 12. 0-0-0 0-0 13. g4 Qh3 14. Qf2 Nbd7 15. Bf1 Nxg4 16. fxg4 Qxg4 17. Rg1 Qf5 18. Bd3 Qf6 19. Qg3 g6 20. h4 h5 21. Rdf1 Bg4 22. Bh6 Qxd4 23. Bxf8 Rxf8 24. Qf4 Qxf4+ 25. Rxf4 Re8 26. Rff1 f5 27. Re1 Ne5 28. b3 Kf7 29. Kb2 Kf6 30. Nd1 a5 31. Nf2 a4 32. bxa4 bxa4 33. Ka3 c5 34. Bb5 Ra8 35. Nd3 Nf3 36. Nxc5 Nxg1 37. Rxg1 g5 38. Nd7+ Ke7 39. hxg5 h4 40. g6 h3 41. Re1+ Kd6 42. g7 Rg8 43. Nf6 Rxg7 44. Ne8+ Kc5 45. Nxg7 h2 46. Rh1 Kxb5 47. Rxh2 Kc5 48. Rf2 1-0

[Event "Titled Tuesday intern op 16th Apr Late"]
[Site "Chess.com INT"]
[Date "2024.04.16"]
[Round "10"]
[White "Stillger, Bernhard"]
[Black "Smieszek, Wojciech"]
[Result "0-1"]
[WhiteElo "2256"]
[BlackElo "2127"]
[PlyCount "130"]
[EventDate "2024.04.16"]
[EventType "swiss (blitz)"]
[EventRounds "11"]
[EventCountry "USA"]
[SourceTitle "CB17_2024"]
[SourceDate "2024.04.24"]
[SourceVersion "1"]
[SourceVersionDate "2024.04.24"]
[SourceQuality "1"]

1. Nf3 Nf6 2. g3 c5 3. Bg2 Nc6 4. 0-0 g6 5. d4 cxd4 6. Nxd4 Bg7 7. Nc3 0-0 8. Bf4 d6 9. Nxc6 bxc6 10. Bxc6 Rb8 11. Rb1 Bh3 12. Bg2 Bxg2 13. Kxg2 Qa5 14. Bd2 Rfc8 15. e4 Rc4 16. Re1 Rd4 17. Qe2 Nd7 18. Be3 Rdb4 19. Nd5 Rxb2 20. Nxe7+ Kf8 21. Nc6 Qxa2 22. Ra1 Qe6 23. Nxb8 Qxe4+ 24. Qf3 Qxf3+ 25. Kxf3 Rxb8 26. Rxa7 Ne5+ 27. Kg2 Nc4 28. Bg5 Be5 29. Rc7 Nb6 30. f4 Nd5 31. Rd7 Bc3 32. Re4 f5 33. Ra4 Nb6 34. Raa7 Nxd7 35. Rxd7 Kg8 36. Rxd6 Rb2 37. Rc6 Rxc2+ 38. Kf3 Rc1 39. Rc8+ Kf7 40. Rc7+ Kg8 41. Ke2 Bb2 42. Rb7 Rc2+ 43. Kd3 Rxh2 44. Rb8+ Kf7 45. Rb7+ Ke6 46. Rb6+ Kd5 47. Rb5+ Kc6 48. Ra5 Rg2 49. Ra7 Rxg3+ 50. Ke2 Rh3 51. Rf7 Kd5 52. Re7 h6 53. Rb7 hxg5 54. fxg5 Be5 55. Kf2 Rh2+ 56. Kf3 Rh3+ 57. Kg2 Rc3 58. Rb5+ Ke4 59. Ra5 Kf4 60. Ra4+ Kxg5 61. Kf2 Bf4 62. Ke2 Kg4 63. Kd1 Re3 64. Kd2 Re4+ 65. Kd1 Rxa4 0-1

[Event "Titled Tuesday intern op 02nd Apr Early"]
[Site "Chess.com INT"]
[Date "2024.04.02"]
[Round "1"]
[White "Aliyev, Ravan"]
[Black "Smieszek, Wojciech"]
[Result "1/2-1/2"]
[WhiteElo "2352"]
[BlackElo "2127"]
[PlyCount "167"]
[EventDate "2024.04.02"]
[EventType "swiss (blitz)"]
[EventRounds "11"]
[EventCountry "USA"]
[SourceTitle "CB15_2024"]
[SourceDate "2024.04.10"]
[SourceVersion "1"]
[SourceVersionDate "2024.04.10"]
[SourceQuality "1"]

1. d4 Nf6 2. c4 c5 3. d5 e6 4. Nc3 exd5 5. cxd5 d6 6. Nf3 g6 7. Bf4 Bg7 8. e3 0-0 9. h3 a6 10. a4 Re8 11. Be2 Nbd7 12. 0-0 Nh5 13. Bh2 Qc7 14. Nd2 Nhf6 15. Nc4 Bf8 16. Qb3 Rb8 17. a5 b5 18. axb6 Nxb6 19. Nxb6 Rxb6 20. Qc2 Bf5 21. Qd2 Ne4 22. Nxe4 Bxe4 23. Rxa6 Reb8 24. Ra2 Qb7 25. Bc4 Rxb2 26. Rxb2 Qxb2 27. Qxb2 Rxb2 28. f3 Rc2 29. Bb3 Rc3 30. Ba2 Bd3 31. Rd1 Bc4 32. Bxc4 Rxc4 33. e4 f6 34. Ra1 Rb4 35. Bg3 Rb7 36. Ra6 Rd7 37. Kf2 Kf7 38. f4 Bg7 39. f5 Ke7 40. Bf4 gxf5 41. exf5 Bf8 42. g4 Kd8 43. Ra8+ Ke7 44. Ra6 Kd8 45. Kg3 Kc7 46. Ra7+ Kd8 47. Ra8+ Ke7 48. Rc8 Rd8 49. Rc7+ Rd7 50. Rc6 Kd8 51. Ra6 Ke7 52. Kh4 Kd8 53. Kh5 Kc7 54. h4 Kb7 55. Rc6 Rc7 56. Bxd6 Bxd6 57. Rxd6 c4 58. Re6 c3 59. Re1 c2 60. Rc1 Kc8 61. g5 Kd7 62. gxf6 Ke8 63. Kg5 Kf7 64. d6 Rd7 65. Rxc2 Rxd6 66. Rc7+ Kg8 67. Rg7+ Kh8 68. Re7 Kg8 69. Re8+ Kf7 70. Re7+ Kg8 71. Re6 Rd1 72. Kh6 Rg1 73. Re8+ Kf7 74. Re6 Kg8 75. h5 Rg2 76. Re7 Rh2 77. Rg7+ Kf8 78. Rxh7 Kg8 79. Rg7+ Kf8 80. Ra7 Kg8 81. Rb7 Rg2 82. Rg7+ Kh8 83. f7 Rg6+ 84. hxg6 1/2-1/2

[Event "Titled Tuesday intern op 02nd Apr Early"]
[Site "Chess.com INT"]
[Date "2024.04.02"]
[Round "7"]
[White "Titarov, Vasilii"]
[Black "Smieszek, Wojciech"]
[Result "1-0"]
[WhiteElo "2093"]
[BlackElo "2127"]
[PlyCount "45"]
[EventDate "2024.04.02"]
[EventType "swiss (blitz)"]
[EventRounds "11"]
[EventCountry "USA"]
[SourceTitle "CB15_2024"]
[SourceDate "2024.04.10"]
[SourceVersion "1"]
[SourceVersionDate "2024.04.10"]
[SourceQuality "1"]

1. g3 Nf6 2. Bg2 c5 3. Nf3 Nc6 4. 0-0 g6 5. c3 Bg7 6. a4 0-0 7. Na3 d5 8. d3 e5 9. Qc2 Re8 10. e4 dxe4 11. dxe4 Be6 12. Rd1 Qc8 13. Nb5 Rd8 14. Be3 b6 15. Ng5 Ng4 16. Nxe6 Nxe3 17. fxe3 Qxe6 18. Nc7 Qe7 19. Nxa8 Rxa8 20. Bf1 Qg5 21. Qf2 Bh6 22. Bc4 Nb8 23. Qxf7+ 1-0

[Event "Titled Tuesday intern op 12th Mar Late"]
[Site "Chess.com INT"]
[Date "2024.03.12"]
[Round "6"]
[White "Smieszek, Wojciech"]
[Black "Dias, Simao Poscidonio"]
[Result "1-0"]
[WhiteElo "2130"]
[BlackElo "2068"]
[PlyCount "57"]
[EventDate "2024.03.12"]
[EventType "swiss (blitz)"]
[EventRounds "11"]
[EventCountry "USA"]
[SourceTitle "CB12_2024"]
[SourceDate "2023.10.01"]
[SourceVersion "1"]
[SourceVersionDate "2023.10.01"]
[SourceQuality "1"]

1. e4 c5 2. Nf3 g6 3. d4 cxd4 4. Nxd4 Nc6 5. Nc3 Bg7 6. Be3 Nf6 7. Bc4 Qa5 8. 0-0 0-0 9. Bb3 d6 10. h3 Bd7 11. Re1 Rfe8 12. Qe2 Rac8 13. Rad1 Ne5 14. f4 Nc6 15. Qc4 Ne5 16. Qe2 Nc6 17. Nxc6 bxc6 18. Bd4 Be6 19. Bxe6 fxe6 20. e5 Nd5 21. exd6 Bxd4+ 22. Rxd4 Nxc3 23. Qxe6+ Kg7 24. d7 Rcd8 25. dxe8Q Rxe8 26. bxc3 Qxc3 27. Qe5+ Kf8 28. Rd8 Qxe5 29. Rxe8+ 1-0

[Event "Titled Tuesday intern op 13th Feb Late"]
[Site "Chess.com INT"]
[Date "2024.02.13"]
[Round "7"]
[White "Smieszek, Wojciech"]
[Black "Le Ruyet, Leopold"]
[Result "1-0"]
[WhiteElo "2130"]
[BlackElo "2229"]
[PlyCount "163"]
[EventDate "2024.02.13"]
[EventType "swiss (blitz)"]
[EventRounds "11"]
[EventCountry "USA"]
[SourceTitle "CB08_2024"]
[SourceDate "2024.02.21"]
[SourceVersion "1"]
[SourceVersionDate "2024.02.21"]
[SourceQuality "1"]

1. e4 c5 2. Nf3 d6 3. d4 cxd4 4. Nxd4 Nf6 5. Nc3 Nc6 6. Be3 e5 7. Nb3 Be7 8. Qd2 Ng4 9. g3 Nxe3 10. Qxe3 0-0 11. 0-0-0 a5 12. a4 Nb4 13. f4 Bd7 14. Kb1 Rc8 15. fxe5 dxe5 16. Bb5 Nc6 17. Nc5 Bxc5 18. Qxc5 Qc7 19. Nd5 Qb8 20. Nb6 Nd4 21. Nxc8 Rxc8 22. Qd5 Be6 23. Rxd4 Bxd5 24. Rxd5 Qc7 25. c3 Rd8 26. Rhd1 Rxd5 27. Rxd5 Kf8 28. Rd7 Qc5 29. Rxb7 Qg1+ 30. Ka2 Qxh2 31. Bc4 Qxg3 32. Rxf7+ Ke8 33. Ra7 Qe3 34. Rxa5 Qxe4 35. Rc5 h5 36. a5 h4 37. a6 Qa8 38. Rxe5+ Kd7 39. Rg5 h3 40. Rxg7+ Kd6 41. Rh7 Qe4 42. Rh6+ Kc5 43. Bb3 Qg2 44. a7 Qa8 45. Rh5+ Kb6 46. Rxh3 Qxa7+ 47. Kb1 Qg7 48. Rd3 Qg6 49. Bc2 Qg1+ 50. Ka2 Qg5 51. b4 Qg2 52. Kb2 Kb5 53. Kb3 Qg8+ 54. Kb2 Qg2 55. Re3 Kb6 56. Kb3 Qd2 57. Rd3 Qc1 58. c4 Qa1 59. Rd6+ Kc7 60. c5 Qe5 61. Bd3 Qe1 62. Kc4 Qc1+ 63. Kd4 Qb2+ 64. Kc4 Qc1+ 65. Kb5 Qc3 66. Rc6+ Kd7 67. Bf5+ Ke7 68. Be4 Qa3 69. Bd5 Qa7 70. Kc4 Qa2+ 71. Kd4 Qd2+ 72. Ke5 Qg5+ 73. Kd4 Qd2+ 74. Kc4 Qa2+ 75. Kb5 Qxd5 76. Kb6 Qb3 77. b5 Qa4 78. Rc7+ Kd8 79. Ra7 Qd4 80. Kc6 Qf6+ 81. Kb7 Qd4 82. Kb6 1-0

[Event "Titled Tuesday intern op 06th Feb Early"]
[Site "Chess.com INT"]
[Date "2024.02.06"]
[Round "5"]
[White "Smieszek, Wojciech"]
[Black "Levitan, Caleb Levi"]
[Result "1-0"]
[WhiteElo "2130"]
[BlackElo "2265"]
[PlyCount "73"]
[EventDate "2024.02.06"]
[EventType "swiss (blitz)"]
[EventRounds "11"]
[EventCountry "USA"]
[SourceTitle "CB07_2024"]
[SourceDate "2024.02.14"]
[SourceVersion "1"]
[SourceVersionDate "2024.02.14"]
[SourceQuality "1"]

1. e4 c5 2. Nf3 e6 3. d4 cxd4 4. Nxd4 a6 5. Bd3 Bc5 6. Nb3 Ba7 7. 0-0 Nc6 8. Qe2 Nge7 9. Nc3 0-0 10. Be3 Bxe3 11. Qxe3 d5 12. exd5 Nxd5 13. Nxd5 Qxd5 14. Rad1 Qh5 15. Be4 Ne5 16. h3 Rb8 17. Qc5 b6 18. Qc7 Bd7 19. Rxd7 Nxd7 20. Qxd7 Qe5 21. Qd4 Qxd4 22. Nxd4 Rbd8 23. c3 e5 24. Nf3 f5 25. Bb7 e4 26. Nd4 Rf6 27. Bxa6 g5 28. Bc4+ Kh8 29. b3 f4 30. Re1 Re8 31. a4 h5 32. Bd5 e3 33. fxe3 fxe3 34. Bf3 Rh6 35. Nc2 Rc6 36. c4 Rce6 37. Bxh5 1-0

[Event "Titled Tuesday intern op 26th Sep Late"]
[Site "Chess.com INT"]
[Date "2023.09.26"]
[Round "6"]
[White "Smieszek, Wojciech"]
[Black "Rozman, Levy"]
[Result "0-1"]
[WhiteElo "2118"]
[BlackElo "2322"]
[PlyCount "74"]
[EventDate "2023.09.26"]
[EventType "swiss (blitz)"]
[EventRounds "11"]
[EventCountry "USA"]
[SourceTitle "EXT 2024"]
[Source "ChessBase"]
[SourceDate "2023.10.10"]
[SourceVersion "1"]
[SourceVersionDate "2023.10.10"]
[SourceQuality "1"]

1. e4 c6 2. d4 d5 3. f3 e5 4. dxe5 Bc5 5. Qe2 Ne7 6. Be3 Qb6 7. Bxc5 Qxb2 8. Qd1 Qxa1 9. Bxe7 Kxe7 10. exd5 Qxe5+ 11. Be2 Qxd5 12. Bd3 Bf5 13. Ne2 Bxd3 14. cxd3 Re8 15. 0-0 Kf8 16. Nbc3 Qd6 17. Ne4 Qb4 18. Qc2 Na6 19. Rb1 Qe7 20. Nd4 Rab8 21. Nf5 Qe5 22. Nfd6 Re7 23. Qc4 Nc7 24. d4 Qd5 25. Qxd5 Nxd5 26. Nc5 b6 27. a4 Rd8 28. Ncb7 Rdd7 29. Rc1 Rxb7 30. Nxb7 Rxb7 31. Rxc6 Rc7 32. Rd6 Nc3 33. a5 bxa5 34. Ra6 a4 35. d5 Nxd5 36. Rxa4 Nb6 37. Ra6 Ke7 0-1

[Event "Titled Tuesday intern op 19th Sep Early"]
[Site "Chess.com INT"]
[Date "2023.09.19"]
[Round "3"]
[White "Korchmar, Vasiliy"]
[Black "Smieszek, Wojciech"]
[Result "1-0"]
[WhiteElo "2438"]
[BlackElo "2118"]
[PlyCount "87"]
[EventDate "2023.09.19"]
[EventType "swiss (blitz)"]
[EventRounds "11"]
[EventCountry "USA"]
[SourceTitle "EXT 2024"]
[Source "ChessBase"]
[SourceDate "2023.10.10"]
[SourceVersion "1"]
[SourceVersionDate "2023.10.10"]
[SourceQuality "1"]

1. e4 c5 2. d4 cxd4 3. Qxd4 Nc6 4. Qd3 g6 5. Nc3 Bg7 6. Nf3 d6 7. Be2 Nf6 8. 0-0 0-0 9. Nd5 Be6 10. c3 Qa5 11. b4 Qd8 12. Bg5 Ne5 13. Nxe5 dxe5 14. c4 Bxd5 15. cxd5 Qb6 16. Rab1 Qd4 17. Qxd4 exd4 18. Bd3 Rac8 19. Rfc1 h6 20. Bd2 Nd7 21. f4 Nb6 22. Rc5 Nd7 23. Ra5 a6 24. Kf2 Rc7 25. Ke2 Rfc8 26. b5 Nc5 27. bxa6 bxa6 28. Rb6 Rd8 29. Bb4 Rdc8 30. Bxc5 Rxc5 31. Rxc5 Rxc5 32. Rxa6 g5 33. g3 gxf4 34. gxf4 h5 35. a4 Rc3 36. e5 f6 37. Ra8+ Bf8 38. d6 exd6 39. exd6 Kf7 40. d7 Be7 41. d8Q Bxd8 42. Rxd8 Ra3 43. Rxd4 Ke6 44. Ke3 1-0

[Event "Titled Tuesday intern op 19th Sep Early"]
[Site "Chess.com INT"]
[Date "2023.09.19"]
[Round "6"]
[White "Smieszek, Wojciech"]
[Black "Yuruultei, Batbaatar"]
[Result "1-0"]
[WhiteElo "2118"]
[BlackElo "1433"]
[PlyCount "67"]
[EventDate "2023.09.19"]
[EventType "swiss (blitz)"]
[EventRounds "11"]
[EventCountry "USA"]
[SourceTitle "EXT 2024"]
[Source "ChessBase"]
[SourceDate "2023.10.10"]
[SourceVersion "1"]
[SourceVersionDate "2023.10.10"]
[SourceQuality "1"]

1. e4 c5 2. Nf3 e6 3. d4 cxd4 4. Nxd4 Nc6 5. Nc3 a6 6. Be3 Nf6 7. Bd3 Qc7 8. 0-0 Nxd4 9. Bxd4 Bc5 10. Bxc5 Qxc5 11. Kh1 0-0 12. f4 d6 13. Qf3 e5 14. Rae1 exf4 15. Qxf4 Be6 16. Qh4 Nd7 17. Nd5 Ne5 18. Ne7+ Kh8 19. Nf5 Bxf5 20. Rxf5 g6 21. Qf6+ Kg8 22. Rff1 Rac8 23. h3 Nxd3 24. cxd3 Qe5 25. Qf2 Rc6 26. d4 Qe7 27. e5 dxe5 28. Rxe5 Qd7 29. d5 Rd6 30. Qd4 Rd8 31. Rfe1 h6 32. Re7 Qf5 33. Re8+ Kh7 34. Qh8# 1-0

[Event "Titled Tuesday intern op 19th Sep Early"]
[Site "Chess.com INT"]
[Date "2023.09.19"]
[Round "7"]
[White "Weishaeutel, Moritz"]
[Black "Smieszek, Wojciech"]
[Result "0-1"]
[WhiteElo "2403"]
[BlackElo "2118"]
[PlyCount "100"]
[EventDate "2023.09.19"]
[EventType "swiss (blitz)"]
[EventRounds "11"]
[EventCountry "USA"]
[SourceTitle "EXT 2024"]
[Source "ChessBase"]
[SourceDate "2023.10.10"]
[SourceVersion "1"]
[SourceVersionDate "2023.10.10"]
[SourceQuality "1"]

1. e4 c5 2. d4 cxd4 3. c3 d3 4. Bxd3 g6 5. Nf3 Bg7 6. 0-0 Nc6 7. c4 d6 8. h3 Nf6 9. Nc3 0-0 10. Be3 Bd7 11. Qd2 Rc8 12. Rfd1 Qa5 13. Rac1 Rfd8 14. Qe2 Ne5 15. Nxe5 dxe5 16. b3 Bc6 17. Nd5 Bxd5 18. exd5 b5 19. cxb5 Nxd5 20. Bc4 e6 21. Bg5 Nf4 22. Qf3 Rxd1+ 23. Rxd1 h6 24. Bxf4 exf4 25. Qxf4 Qxa2 26. Rd7 Qa1+ 27. Bf1 Rc1 28. Qxf7+ Kh7 29. Rd8 Rxf1+ 30. Kh2 Qe5+ 31. g3 h5 32. Rd7 h4 33. Kg2 Re1 34. Qf3 Qe4 35. Qxe4 Rxe4 36. Rxa7 Rb4 37. Re7 hxg3 38. fxg3 e5 39. Rb7 Rxb3 40. b6 e4 41. Kf2 Kh6 42. Ke2 Bd4 43. Re7 Bxb6 44. Rxe4 Rxg3 45. Rh4+ Kg5 46. Rh8 Bc7 47. h4+ Kf5 48. h5 g5 49. h6 Be5 50. Rg8 Rh3 0-1